000 00350pab a2200145 454500
008 180718b2004 xxu||||| |||| 00| 0 eng d
100 _aChandra, Ashoka
245 _aChallenges in management education
260 _c2004
300 _ap.5-29.
362 _aJan-Mar
650 _aManagement education
773 _aIASSI Quarterly
909 _a63037
999 _c63037
_d63037